Arbre généalogique des Bridgerton - Statistiques

Statistiques générales
  • Ce quiz a été pris 597 fois
  • Le résultat moyen est 27 sur 54
Statistiques - réponses
Hint Réponse % Correct
Enfant A Anthony Bridgerton
98%
Enfant 5 de enfant G Anthony Bridgerton II
98%
Enfant B Benedict Bridgerton
97%
Enfant 6 de enfant G Benedict Bridgerton II
97%
Enfant C Colin Bridgerton
96%
Enfant 7 de enfant G Colin Bridgerton II
96%
Enfant D Daphné Bridgerton
96%
Enfant 4 de enfant G Daphné Bridgerton II
96%
Enfant E Eloise Bridgerton
93%
Enfant 8 de enfant G Eloise Bridgerton II
93%
Mère Violet Bridgerton
93%
Enfant 4 de enfant B Violet Bridgerton II
93%
Enfant 3 de enfant E Penelope Crane
90%
Femme de enfant C Penelope Featherington
90%
Enfant G Gregory Bridgerton
89%
Femme de enfant A Katharine "Kate" Sheffield
89%
Père Edmund Bridgerton
88%
Enfant 1 de enfant A Edmund Bridgerton II
88%
Enfant H Hyacinth Bridgerton
88%
Enfant F Francesca Bridgerton
86%
Enfant 9 de enfant G Francesca Bridgerton II
86%
Mari de enfant D Simon Basset
81%
Femme de enfant B Sophia "Sophie" Beckett
71%
Mari 1 de enfant F John Stirling
55%
Enfant 1 de enfant F John Stirling II
55%
Mari de enfant E Philip Crane
53%
Femme de enfant G Lucinda "Lucy" Abernathy
27%
Enfant 3 de enfant A Charlotte Bridgerton
25%
Mari de enfant H Gareth Saint Claire
24%
Enfant 1 de enfant C Agatha Bridgerton
23%
Enfant 4 de enfant C George Bridgerton
22%
Enfant 1 de enfant H George Saint Claire
22%
Enfant 1 de enfant B Charles Bridgerton
20%
Enfant 2 de enfant D Belinda Basset
19%
Enfant 2 de enfant E (adoptif) Amanda Crane
18%
Enfant 1 de enfant D Amelia Basset
18%
Enfant 4 de enfant A Mary Bridgerton
18%
Enfant 1 de enfant E (adoptif) Oliver Crane
18%
Enfant 4 de enfant D David Basset
17%
Enfant 3 de enfant D Caroline Basset
16%
Enfant 5 de enfant D Edward Basset
16%
Enfant 3 de enfant G Hermione Bridgerton
16%
Enfant 3 de enfant C Jane Bridgerton
16%
Enfant 3 de enfant B William Bridgerton
16%
Mari 2 de enfant F Micheal Stirling
15%
Enfant 2 de enfant A Miles Bridgerton
14%
Enfant 2 de enfant C Thomas Bridgerton
14%
Enfant 2 de enfant B Alexander Bridgerton
12%
Enfant 2 de enfant H Isabella Saint Claire
11%
Enfant 2 de enfant F Janet Stirling
11%
Enfant 2 de enfant G Richard Bridgerton
10%
Enfant 1 de enfant G Katharine Bridgerton
9%
Enfant 4 de enfant E Georgiana Crane
7%
Enfant 5 de enfant E Frederik Crane
4%
Aucun quiz correspondant
Distribution des résultats
% des personnes avec chaque résultat
Percentile par nombre de réponses
Votre historique - résultats
Vous n’avez pas pris ce quiz